| 000 | 00959nam a22003257a 4500 | ||
|---|---|---|---|
| 003 | CHAP | ||
| 005 | 20220817044125.0 | ||
| 008 | 060912d2006 mx r 00110 spa d | ||
| 010 | _a92708 | ||
| 011 | _a93680 | ||
| 020 | _a968020233X | ||
| 035 | _a104260 | ||
| 040 | _cCHAP | ||
| 082 | 0 | 4 |
_a149.8 _bM6 |
| 100 | 0 | 0 |
_aMoral, Juan Manuel del. _978202 |
| 245 | 1 | 3 |
_aEl nihilismo y el olvido del ser _c/por Juan Manuel del Moral |
| 260 |
_aChapíngo, Méx. : _bUACH, _c2004. |
||
| 300 | _a181 p. | ||
| 590 |
_aBATCH-UPD _b10 _c20130110 _lUCH01 _h0619 |
||
| 590 |
_aBATCH-UPD _b10 _c20130110 _lUCH01 _h2306 |
||
| 590 |
_aBATCH-UPD _b10 _c20130410 _lUCH01 _h0302 |
||
| 590 |
_aBATCH-UPD _b10 _c20130914 _lUCH01 _h1814 |
||
| 590 |
_aCONVERSION _b10 _c20130109 _lUCH01 _h1351 |
||
| 650 | 0 | 4 | _aMetafísica. |
| 650 | 1 | 4 |
_aNihilismo. _981332 |
| 901 | _aBK | ||
| 905 | _aLilia | ||
| 942 | _cLIBRO | ||
| 949 |
_a149.8 M6 _bBC _cUACH _d33724000994315 _eUACH _h108200 _i104260 _sb |
||
| 999 |
_c92708 _d92708 |
||